000 00317nam a2200133Ia 4500
008 220613s9999||||xx |||||||||||||| ||und||
100 _aDigambaraji Swami
245 0 _aHathpradeepika Svatmarama ( Hindi)
250 _a6th(2017)
260 _bKaivalyadhama Lonavia
300 _a248
650 _aYoga
942 _cGB
999 _c11150
_d11150